| 000 | 00621nam a2200217Ia 4500 | ||
|---|---|---|---|
| 005 | 20260429111948.0 | ||
| 008 | 260429s9999||||xx |||||||||||||| ||und|| | ||
| 020 | _a9788126941520 | ||
| 041 | _aEnglish | ||
| 082 |
_a320.540973 _bSHA |
||
| 100 | _aSharma, Urmila | ||
| 245 | 0 |
_aWestern political thought, Vol. 1 : _bfrom Plato to burke, Vol. 1 / _cUrmila Sharma |
|
| 260 |
_aNew Delhi : _bAtlantic Publishers, _c1998. |
||
| 300 | _avi, 512 p.; hb | ||
| 440 | _vVol. 1 | ||
| 650 | _a Political ideologies | ||
| 650 | _a Western politics | ||
| 650 | _aPolitical science | ||
| 700 | _a Sharma, S.K. | ||
| 942 | _cTB | ||
| 999 |
_c51643 _d51643 |
||